<?xml version="1.0" encoding="UTF-8"?>
<record
    xmlns:xsi="http://www.w3.org/2001/XMLSchema-instance"
    xsi:schemaLocation="http://www.loc.gov/MARC21/slim http://www.loc.gov/standards/marcxml/schema/MARC21slim.xsd"
    xmlns="http://www.loc.gov/MARC21/slim">

  <leader>02170nam a22003137a 4500</leader>
  <controlfield tag="001">9400</controlfield>
  <controlfield tag="003">FISKH</controlfield>
  <controlfield tag="005">20260105100617.0</controlfield>
  <controlfield tag="008">260105b        cb ||||| |||| 00| 0 eng d</controlfield>
  <datafield tag="020" ind1=" " ind2=" ">
    <subfield code="a">9789995001803</subfield>
  </datafield>
  <datafield tag="040" ind1=" " ind2=" ">
    <subfield code="a">FISKH</subfield>
    <subfield code="b">khr</subfield>
    <subfield code="c">FISKH</subfield>
    <subfield code="d">FISKH</subfield>
  </datafield>
  <datafield tag="050" ind1=" " ind2=" ">
    <subfield code="a">PZ7</subfield>
  </datafield>
  <datafield tag="082" ind1=" " ind2=" ">
    <subfield code="a">895.932</subfield>
  </datafield>
  <datafield tag="100" ind1=" " ind2=" ">
    <subfield code="a">Bopha , Om</subfield>
  </datafield>
  <datafield tag="245" ind1=" " ind2=" ">
    <subfield code="a">&#x1780;&#x17BB;&#x1798;&#x17B6;&#x179A;&#x17B8;&#x179C;&#x17B6;&#x1799;&#x1790;&#x17D2;&#x1798; / </subfield>
    <subfield code="c">&#x17A2;&#x17D2;&#x1793;&#x1780;&#x1793;&#x17B7;&#x1796;&#x1793;&#x17D2;&#x1792; &#x179B;&#x17C4;&#x1780; &#x17A2;&#x17CA;&#x17BB;&#x17C6; &#x1794;&#x17BB;&#x1794;&#x17D2;&#x1795;&#x17B6; ,&#x200B; &#x17A2;&#x17D2;&#x1793;&#x1780;&#x179C;&#x17B6;&#x1799;&#x17A2;&#x178F;&#x17D2;&#x1790;&#x1794;&#x1791; &#x17A2;&#x17D2;&#x1793;&#x1780;&#x179F;&#x17D2;&#x179A;&#x17B8; &#x17A0;&#x17B6;&#x1780;&#x17CB; &#x1795;&#x17B6;&#x1793;&#x17D2;&#x1793;&#x17B8; </subfield>
  </datafield>
  <datafield tag="260" ind1=" " ind2=" ">
    <subfield code="a">&#x1797;&#x17D2;&#x1793;&#x17C6;&#x1796;&#x17C1;&#x1789; :</subfield>
    <subfield code="b">&#x1782;&#x17D2;&#x179A;&#x17B9;&#x17C7;&#x179F;&#x17D2;&#x1790;&#x17B6;&#x1793;&#x1794;&#x17C4;&#x17C7;&#x1796;&#x17BB;&#x1798;&#x17D2;&#x1796; &#x1793;&#x17B7;&#x1784; &#x1785;&#x17C2;&#x1780;&#x1795;&#x17D2;&#x179F;&#x17B6;&#x1799; ;</subfield>
    <subfield code="c">2013 . </subfield>
  </datafield>
  <datafield tag="300" ind1=" " ind2=" ">
    <subfield code="a">8 pages : </subfield>
    <subfield code="b">color illustrations ; </subfield>
    <subfield code="c">17 X 17 cm . </subfield>
  </datafield>
  <datafield tag="490" ind1=" " ind2=" ">
    <subfield code="a">&#x179A;&#x17BF;&#x1784;&#x1793;&#x17B7;&#x1791;&#x17B6;&#x1793;&#x17A2;&#x1794;&#x17CB;&#x179A;&#x17C6;&#x179F;&#x1798;&#x17D2;&#x179A;&#x17B6;&#x1794;&#x17CB;&#x1780;&#x17BB;&#x1798;&#x17B6;&#x179A;</subfield>
  </datafield>
  <datafield tag="505" ind1=" " ind2=" ">
    <subfield code="a">P 
</subfield>
  </datafield>
  <datafield tag="520" ind1=" " ind2=" ">
    <subfield code="a">&#x1798;&#x17B6;&#x1793;&#x1780;&#x17BB;&#x1798;&#x17B6;&#x179A;&#x17B8;&#x1780;&#x17D2;&#x179A;&#x17B8;&#x1780;&#x17D2;&#x179A;&#x1798;&#x17D2;&#x1793;&#x17B6;&#x1780;&#x17CB;&#x1794;&#x17D2;&#x179A;&#x1780;&#x1794;&#x179A;&#x1794;&#x179A;&#x179C;&#x17B6;&#x1799;&#x1790;&#x17D2;&#x1798; &#x17D4;&#x200B; &#x200B;&#x1790;&#x17D2;&#x1784;&#x17C3;&#x1798;&#x17BD;&#x1799;&#x1790;&#x17D2;&#x1798;&#x1780;&#x17CF;&#x1794;&#x17B6;&#x1793;&#x179A;&#x1798;&#x17C0;&#x179B;&#x179B;&#x17BE;&#x1780;&#x17BB;&#x1798;&#x17B6;&#x179A;&#x17B8;&#x1793;&#x17C4;&#x17C7; &#x1798;&#x17D2;&#x178F;&#x17B6;&#x1799;&#x1780;&#x17BB;&#x1798;&#x17B6;&#x179A;&#x17B8;&#x1794;&#x17B6;&#x1793;&#x1794;&#x1789;&#x17D2;&#x1787;&#x17BC;&#x1793;&#x1780;&#x17BC;&#x1793;&#x1791;&#x17C5;&#x1796;&#x17C1;&#x1791;&#x17D2;&#x1799; &#x17A0;&#x17BE;&#x1799;&#x1780;&#x17CF;&#x1793;&#x17B9;&#x1780;&#x179F;&#x17D2;&#x178F;&#x17B6;&#x1799;&#x1780;&#x17C6;&#x17A0;&#x17BB;&#x179F;&#x1798;&#x17B7;&#x1793;&#x1782;&#x17BD;&#x179A;&#x178E;&#x17B6;&#x17A2;&#x17C4;&#x1799;&#x1780;&#x17BC;&#x1793;&#x1794;&#x17D2;&#x179A;&#x1780;&#x1794;&#x179A;&#x1794;&#x179A;&#x1793;&#x17C1;&#x17C7; &#x17D4;&#x200B; &#x1780;&#x17D2;&#x179A;&#x17C4;&#x1799;&#x1796;&#x17B8;&#x1793;&#x17B6;&#x1784;&#x1787;&#x17B6;&#x179F;&#x17C7;&#x179F;&#x17D2;&#x1794;&#x17BE;&#x1799;&#x1798;&#x17D2;&#x178F;&#x17B6;&#x1799;&#x1780;&#x17BB;&#x1798;&#x17B6;&#x179A;&#x17B8;&#x1793;&#x17C4;&#x17C7;&#x1780;&#x17CF;&#x1794;&#x17B6;&#x1793;&#x17A2;&#x17C4;&#x1799;&#x1793;&#x17B6;&#x1784;&#x1785;&#x17BC;&#x179B;&#x179A;&#x17C0;&#x1793;&#x178A;&#x17BC;&#x1785;&#x1780;&#x17BB;&#x1798;&#x17B6;&#x179A;&#x178A;&#x1791;&#x17C3;&#x1791;&#x17C0;&#x178F;&#x178A;&#x17C2;&#x179A; &#x17D4;&#x200B;</subfield>
  </datafield>
  <datafield tag="520" ind1=" " ind2=" ">
    <subfield code="a">There was a poor young girl who earned a living by breaking stones. One day, a stone rolled onto her. The girl&#x2019;s mother took her to the hospital and deeply regretted her mistake in allowing her daughter to do such work. After the girl recovered, her mother sent her to school like other children.</subfield>
  </datafield>
  <datafield tag="521" ind1="8" ind2=" ">
    <subfield code="a">650 
</subfield>
    <subfield code="b">Lexile estimate 
</subfield>
  </datafield>
  <datafield tag="521" ind1="8" ind2=" ">
    <subfield code="a">P 
</subfield>
    <subfield code="b">Raz-Plus 
</subfield>
  </datafield>
  <datafield tag="650" ind1=" " ind2=" ">
    <subfield code="a">&#x1780;&#x17BB;&#x1798;&#x17B6;&#x179A;&#x17B8;&#x179C;&#x17B6;&#x1799;&#x1790;&#x17D2;&#x1798;</subfield>
    <subfield code="v">&#x179A;&#x17BF;&#x1784;&#x1793;&#x17B7;&#x1791;&#x17B6;&#x1793;&#x1780;&#x17BB;&#x1798;&#x17B6;&#x179A;</subfield>
  </datafield>
  <datafield tag="650" ind1=" " ind2=" ">
    <subfield code="a">The Stone-Breaking Girl</subfield>
    <subfield code="v">Children's Stories </subfield>
  </datafield>
  <datafield tag="700" ind1=" " ind2=" ">
    <subfield code="a">Visal , Seng</subfield>
    <subfield code="e">Illustrator </subfield>
  </datafield>
  <datafield tag="942" ind1=" " ind2=" ">
    <subfield code="2">ddc</subfield>
    <subfield code="c">KHB</subfield>
    <subfield code="n">0</subfield>
  </datafield>
  <datafield tag="999" ind1=" " ind2=" ">
    <subfield code="c">9400</subfield>
    <subfield code="d">9400</subfield>
  </datafield>
  <datafield tag="952" ind1=" " ind2=" ">
    <subfield code="0">0</subfield>
    <subfield code="1">0</subfield>
    <subfield code="2">ddc</subfield>
    <subfield code="4">0</subfield>
    <subfield code="7">0</subfield>
    <subfield code="8">KH</subfield>
    <subfield code="a">002</subfield>
    <subfield code="b">002</subfield>
    <subfield code="c">TTP Khmer</subfield>
    <subfield code="d">2026-01-05</subfield>
    <subfield code="l">0</subfield>
    <subfield code="o">BOP PZ7 895.932</subfield>
    <subfield code="p">FIS02041</subfield>
    <subfield code="r">2026-01-05 10:04:00</subfield>
    <subfield code="t">1</subfield>
    <subfield code="w">2026-01-05</subfield>
    <subfield code="y">KHB</subfield>
  </datafield>
  <datafield tag="952" ind1=" " ind2=" ">
    <subfield code="0">0</subfield>
    <subfield code="1">0</subfield>
    <subfield code="2">ddc</subfield>
    <subfield code="4">0</subfield>
    <subfield code="7">0</subfield>
    <subfield code="8">KH</subfield>
    <subfield code="a">002</subfield>
    <subfield code="b">002</subfield>
    <subfield code="c">TTP Khmer</subfield>
    <subfield code="d">2026-01-05</subfield>
    <subfield code="l">0</subfield>
    <subfield code="o">BOP PZ7 895.932</subfield>
    <subfield code="p">FIS01651</subfield>
    <subfield code="r">2026-01-05 10:06:34</subfield>
    <subfield code="t">2</subfield>
    <subfield code="w">2026-01-05</subfield>
    <subfield code="y">KHB</subfield>
  </datafield>
</record>
